[Event "V Festival Terre degli Elimi A"]
[Site "Erice ITA"]
[Date "2014.07.19"]
[Round "1"]
[White "Peat, Matthew"]
[Black "Levitt, Jonathan Paul"]
[WhiteElo "2056"]
[BlackElo "2420"]
[Result "0-1"]
[PlyCount "50"]
[EventDate "2014.07.19"]

1. c4 e5 2. g3 d6 3. Bg2 g6 4. Nc3 Bg7 5. e4 Nc6 6. Nge2 f5 7. O-O Nf6 8. d3
O-O 9. Nd5 Nxd5 10. cxd5 Nd4 11. Nxd4 exd4 12. b4 Bd7 13. Qb3 fxe4 14. Bxe4 Bh3
15. Re1 Qf6 16. f3 Rae8 17. Rb1 Qxf3 18. Bxf3 Rxe1+ 19. Kf2 Rf1+ 20. Ke2 R8xf3
21. Be3 Rxe3+ 22. Kd2 Rf2+ 23. Kd1 Bg4+ 24. Kc1 Re1+ 25. Qd1 Rxd1# 0-1

[Event "V Festival Terre degli Elimi A"]
[Site "Erice ITA"]
[Date "2014.07.19"]
[Round "1"]
[White "Ravagnani, Tiziano"]
[Black "Dijkhuis, Tycho"]
[WhiteElo "2006"]
[BlackElo "2321"]
[Result "0-1"]
[PlyCount "48"]
[EventDate "2014.07.19"]

1. e4 c5 2. Nf3 Nc6 3. d4 cxd4 4. Nxd4 e5 5. Nb5 d6 6. c4 Be7 7. N1c3 a6 8. Na3
f5 9. exf5 Bxf5 10. Bd3 Be6 11. O-O Nf6 12. Nd5 Nxd5 13. cxd5 Bxd5 14. Bg6+
hxg6 15. Qxd5 Qd7 16. Nc4 Nd4 17. f4 Rc8 18. fxe5 Ne2+ 19. Kh1 Qg4 20. Qf7+ Kd8
21. Bf4 Rxc4 22. exd6 Bf6 23. Qxb7 Rxf4 24. Rxf4 Rxh2+ 0-1

[Event "V Festival Terre degli Elimi A"]
[Site "Erice ITA"]
[Date "2014.07.19"]
[Round "1"]
[White "Santagati, Alessandro"]
[Black "Antoniacci, Riccardo"]
[WhiteElo "2216"]
[BlackElo "1877"]
[Result "1-0"]
[PlyCount "81"]
[EventDate "2014.07.19"]

1. e4 Nc6 2. d4 d5 3. e5 Bf5 4. c3 e6 5. Nf3 f6 6. Bb5 Qd7 7. O-O a6 8. Ba4 b5
9. Bb3 fxe5 10. dxe5 Bc5 11. Nd4 Nge7 12. f4 h5 13. Be3 Bxd4 14. cxd4 Na5 15.
Nd2 Bd3 16. Rf3 Nc4 17. Nxc4 bxc4 18. Ba4 c6 19. Rh3 g6 20. Bf2 Kf7 21. b3 Bf5
22. Rc3 Bd3 23. bxc4 dxc4 24. Bc2 Nd5 25. Ra3 Qe7 26. Ra5 Nc3 27. Qe1 Qb4 28.
Bxd3 cxd3 29. Rc5 Ne2+ 30. Kf1 Qxe1+ 31. Kxe1 Nxf4 32. Rxc6 Nxg2+ 33. Kd2 Nf4
34. Rc7+ Ke8 35. Bh4 Rb8 36. Re7+ Kf8 37. Rf1 Rb2+ 38. Kc1 Rc2+ 39. Kb1 Rxh2
40. Rxf4+ Kg8 41. Re8+ 1-0

[Event "V Festival Terre degli Elimi A"]
[Site "Erice ITA"]
[Date "2014.07.19"]
[Round "1"]
[White "Savalla, Pietro"]
[Black "Burg, Brent"]
[WhiteElo "1894"]
[BlackElo "2220"]
[Result "1/2-1/2"]
[PlyCount "85"]
[EventDate "2014.07.19"]

1. d4 d6 2. e4 Nf6 3. Nd2 e5 4. dxe5 dxe5 5. Ngf3 Bc5 6. Bc4 O-O 7. O-O Nbd7 8.
c3 c6 9. Qc2 Qc7 10. Nb3 Be7 11. Rd1 a5 12. a4 Nb6 13. Be2 Be6 14. Be3 Nbd7 15.
Nbd2 h6 16. h3 Nc5 17. Bc4 Bxc4 18. Nxc4 Ncxe4 19. Ncxe5 Rfe8 20. Nd7 Nxd7 21.
Qxe4 Bc5 22. Qf5 Bxe3 23. Rxd7 Qf4 24. Qxf4 Bxf4 25. Rxb7 Rab8 26. Rxb8 Rxb8
27. Rb1 c5 28. Kf1 Kf8 29. Ke2 Re8+ 30. Kd1 Ke7 31. g3 Bd6 32. Nd2 Kd7 33. Nc4
Bc7 34. Kd2 Re6 35. Re1 Rf6 36. Ke2 h5 37. h4 Re6+ 38. Kf1 Rf6 39. Kg2 Rf5 40.
Re3 Rd5 41. Re2 Rf5 42. Re3 Rd5 43. Re2 1/2-1/2

[Event "V Festival Terre degli Elimi A"]
[Site "Erice ITA"]
[Date "2014.07.19"]
[Round "1"]
[White "Senders, Mischa"]
[Black "Violi, Vincenzo"]
[WhiteElo "2183"]
[BlackElo "1839"]
[Result "1-0"]
[PlyCount "63"]
[EventDate "2014.07.19"]

1. e4 c5 2. Nf3 d6 3. d4 cxd4 4. Nxd4 Nf6 5. Nc3 a6 6. Be3 e6 7. f3 b5 8. g4
Bb7 9. Qd2 Qc7 10. O-O-O Be7 11. h4 b4 12. Nce2 d5 13. e5 Nfd7 14. f4 Nc5 15.
f5 Nbd7 16. Kb1 Nxe5 17. fxe6 Nxe6 18. Nxe6 fxe6 19. Nd4 Bc8 20. g5 Nc4 21.
Bxc4 dxc4 22. Bf4 e5 23. Bxe5 Qxe5 24. Rhe1 Qc5 25. Rxe7+ Qxe7 26. Re1 Qxe1+
27. Qxe1+ Kd8 28. Qxb4 Bd7 29. Qa5+ Kc8 30. Qc5+ Kb7 31. Qb4+ Ka7 32. Qe7 1-0

[Event "V Festival Terre degli Elimi A"]
[Site "Erice ITA"]
[Date "2014.07.19"]
[Round "1"]
[White "Sieciechowicz, Marcin"]
[Black "Pisacane, Pietro"]
[WhiteElo "2438"]
[BlackElo "2058"]
[Result "1-0"]
[PlyCount "69"]
[EventDate "2014.07.19"]

1. b3 d5 2. Bb2 e6 3. Nf3 Nf6 4. g3 Be7 5. Bg2 O-O 6. d3 c5 7. O-O Nc6 8. Nbd2
Rb8 9. e4 Qc7 10. e5 Nd7 11. Qe2 b5 12. Rfe1 a5 13. h4 c4 14. Nf1 a4 15. h5 Bb4
16. c3 a3 17. cxb4 axb2 18. Qxb2 Nxb4 19. Qc3 Nxd3 20. Re3 N7c5 21. Ng5 h6 22.
Nh3 b4 23. Qd4 Ba6 24. Nf4 Qb6 25. Nh2 Nxf4 26. Qxf4 Nd3 27. Qg4 d4 28. Re4 c3
29. Bf1 Rfd8 30. Qf3 Nc5 31. Rg4 Bb7 32. Qf6 Kf8 33. Rxg7 Qc7 34. Rh7 Ke8 35.
Bb5+ 1-0

[Event "V Festival Terre degli Elimi A"]
[Site "Erice ITA"]
[Date "2014.07.19"]
[Round "1"]
[White "Smith, Thijmen"]
[Black "Castelli, Giovanni J."]
[WhiteElo "2225"]
[BlackElo "1909"]
[Result "1-0"]
[PlyCount "85"]
[EventDate "2014.07.19"]

1. e4 e5 2. Nf3 Nc6 3. Bb5 a6 4. Ba4 Nf6 5. Qe2 b5 6. Bb3 Bc5 7. d3 d6 8. c3 h6
9. Be3 Ba7 10. Nbd2 Na5 11. Bc2 c5 12. h3 O-O 13. g4 Nh7 14. Nf1 Be6 15. Ng3
Nc6 16. Nf5 d5 17. Rg1 dxe4 18. dxe4 Bc4 19. Qd2 Qxd2+ 20. Nxd2 Be6 21. Nb3 Ng5
22. O-O-O Nxh3 23. Rh1 Nf4 24. Rd6 Bxf5 25. exf5 Rac8 26. Be4 Nb8 27. Rhd1 f6
28. Kc2 Rfe8 29. Na5 Kh7 30. Nc6 Nxc6 31. Bxc6 Re7 32. Be4 Rec7 33. Rxa6 Bb8
34. Ra8 Ba7 35. Rxc8 Rxc8 36. Rd7 Bb8 37. Rb7 b4 38. a4 bxa3 39. bxa3 Bd6 40.
a4 Kh8 41. a5 Ra8 42. Rd7 Rxa5 43. Rxd6 1-0

[Event "V Festival Terre degli Elimi A"]
[Site "Erice ITA"]
[Date "2014.07.19"]
[Round "1"]
[White "Volkers, Annemarie"]
[Black "Claesen, Pieter"]
[WhiteElo "2019"]
[BlackElo "2340"]
[Result "0-1"]
[PlyCount "94"]
[EventDate "2014.07.19"]

1. e4 e6 2. d4 d5 3. exd5 exd5 4. Bd3 Nc6 5. Nf3 Bg4 6. Be3 Nf6 7. O-O Bd6 8.
c4 O-O 9. a3 Na5 10. c5 Be7 11. Nbd2 Nc6 12. Qc2 Bh5 13. Ne5 Bg6 14. Nxg6 hxg6
15. h3 a6 16. Nf3 Re8 17. Ng5 Bf8 18. Nxf7 Kxf7 19. Bxg6+ Kg8 20. Bxe8 Qxe8 21.
Rfe1 Qh5 22. Rad1 Re8 23. Qb3 Na5 24. Qa4 Nc4 25. Bc1 Re2 26. Qb3 b6 27. g4 Qe8
28. Rxe2 Qxe2 29. Qd3 Qxd3 30. Rxd3 bxc5 31. g5 Ne4 32. f3 Ng3 33. Kf2 Nf5 34.
b3 Nb6 35. dxc5 Bxc5+ 36. Kg2 a5 37. a4 d4 38. Bd2 Nd5 39. Kf2 Nb4 40. Bxb4
Bxb4 41. f4 Kf7 42. Kf3 c5 43. Ke4 Ke6 44. Rd1 Nd6+ 45. Kd3 Kf5 46. Rf1 Ne4 47.
Ke2 Ng3+ 0-1

[Event "V Festival Terre degli Elimi A"]
[Site "Erice ITA"]
[Date "2014.07.19"]
[Round "1"]
[White "Warakomski, Tomasz"]
[Black "Mollema, Thomas"]
[WhiteElo "2501"]
[BlackElo "2076"]
[Result "1-0"]
[PlyCount "53"]
[EventDate "2014.07.19"]

1. e4 e5 2. Nc3 Nc6 3. Nf3 Nf6 4. a3 d5 5. Bb5 d4 6. Ne2 Nxe4 7. d3 Nd6 8.
Bxc6+ bxc6 9. Nxe5 c5 10. O-O Bb7 11. c3 f6 12. Qa4+ c6 13. Nf3 dxc3 14. Re1
cxb2 15. Bxb2 Kf7 16. Nf4 Qb6 17. Qc2 Be7 18. Rab1 Qa6 19. Rxe7+ Kxe7 20. Qe2+
Kd8 21. Ne6+ Kc8 22. Nxg7 Nb5 23. Bxf6 Rf8 24. Qe6+ Kc7 25. Qe7+ Kb6 26. Ne5
Rab8 27. Nc4# 1-0

[Event "V Festival Terre degli Elimi A"]
[Site "Erice ITA"]
[Date "2014.07.20"]
[Round "2"]
[White "Adrian, Claude"]
[Black "Warakomski, Tomasz"]
[WhiteElo "2236"]
[BlackElo "2501"]
[Result "0-1"]
[PlyCount "94"]
[EventDate "2014.07.19"]

1. Nf3 c5 2. c4 Nf6 3. Nc3 Nc6 4. d4 cxd4 5. Nxd4 e6 6. g3 Qb6 7. Nb3 Ne5 8. e4
Bb4 9. Qe2 d6 10. f4 Nc6 11. Be3 Bxc3+ 12. bxc3 Qc7 13. Bg2 e5 14. f5 b6 15.
O-O Ba6 16. g4 h5 17. g5 Ng4 18. Bc1 Na5 19. Nxa5 bxa5 20. h3 Bxc4 21. Qf3 Qc5+
22. Kh1 Rb8 23. Re1 Nf2+ 24. Kh2 Nd3 25. Rd1 Nxc1 26. Rdxc1 Kd7 27. Rc2 a4 28.
Rd1 a3 29. Rdd2 Rb1 30. h4 Kc7 31. Kg3 Re1 32. Qf2 Qxf2+ 33. Kxf2 Rb1 34. Bf3
Rhb8 35. Bxh5 R8b2 36. Be2 Bxa2 37. h5 Bb3 38. Rxb2 axb2 39. h6 gxh6 40. gxh6
Rf1+ 41. Bxf1 b1=Q 42. h7 Qc1 43. Rd3 Qf4+ 44. Kg1 Qg5+ 45. Kh2 Qg7 46. Rh3 Qh8
47. Ba6 Bc2 0-1

[Event "V Festival Terre degli Elimi A"]
[Site "Erice ITA"]
[Date "2014.07.20"]
[Round "2"]
[White "Antoniacci, Riccardo"]
[Black "Friesen, Boris"]
[WhiteElo "1877"]
[BlackElo "2076"]
[Result "0-1"]
[PlyCount "92"]
[EventDate "2014.07.19"]

1. e4 e5 2. f4 exf4 3. Bc4 Ne7 4. Nc3 c6 5. Qf3 Ng6 6. d4 Bb4 7. Nge2 O-O 8.
O-O Qf6 9. e5 Qe7 10. Nxf4 d5 11. Bd3 Be6 12. Nce2 Nd7 13. Qg3 c5 14. c3 Ba5
15. Bc2 Bb6 16. Be3 cxd4 17. cxd4 Bd8 18. Nc3 Nb6 19. Bb3 Nxf4 20. Bxf4 Qd7 21.
h3 a6 22. Bh6 f6 23. Rad1 Kh8 24. Bf4 Rc8 25. Rf2 Bc7 26. Rdf1 fxe5 27. Bxe5
Rxf2 28. Rxf2 Bxe5 29. Qxe5 Re8 30. Qf4 Bg8 31. Nd1 Re1+ 32. Kh2 Re4 33. Qb8
Re8 34. Qg3 Nc4 35. Nc3 b5 36. Qf4 h6 37. Bd1 Rd8 38. Bg4 Qd6 39. Kg3 Qxf4+ 40.
Rxf4 Nxb2 41. Bf3 Nd3 42. Rf5 Nb4 43. a3 Nc2 44. Bxd5 Ne3 45. Bxg8 Nxf5+ 46.
Kf4 Kxg8 0-1

[Event "V Festival Terre degli Elimi A"]
[Site "Erice ITA"]
[Date "2014.07.20"]
[Round "2"]
[White "Bezemer, Arno"]
[Black "De Coninck, Rafael"]
[WhiteElo "2287"]
[BlackElo "2133"]
[Result "1-0"]
[PlyCount "37"]
[EventDate "2014.07.19"]

1. d4 e6 2. e4 d5 3. Nd2 Nf6 4. e5 Nfd7 5. Bd3 c5 6. c3 Nc6 7. Ngf3 h6 8. Bc2
Qc7 9. O-O b6 10. Re1 Ba6 11. a3 Rc8 12. Ba4 Bd3 13. Nf1 Bh7 14. Ng3 Be7 15. c4
Nxd4 16. Nxd4 cxd4 17. cxd5 O-O 18. d6 Bxd6 19. Bxd7 1-0

[Event "V Festival Terre degli Elimi A"]
[Site "Erice ITA"]
[Date "2014.07.20"]
[Round "2"]
[White "Bifulco, Michel"]
[Black "Di Misa, Salvatore"]
[WhiteElo "2084"]
[BlackElo "1962"]
[Result "1-0"]
[PlyCount "81"]
[EventDate "2014.07.19"]

1. e4 Nf6 2. e5 Nd5 3. Nc3 Nxc3 4. dxc3 d6 5. Nf3 Nc6 6. Bb5 a6 7. Bxc6+ bxc6
8. Qe2 e6 9. Bf4 d5 10. Rd1 Be7 11. h4 Qd7 12. Ng5 h6 13. Ne4 c5 14. Qg4 Qa4
15. Ng3 g6 16. b3 Qxa2 17. Qe2 Qa5 18. Qd2 h5 19. Bg5 Bxg5 20. hxg5 h4 21. Ne4
Bb7 22. Nf6+ Ke7 23. Ng4 d4 24. Nh6 Bxg2 25. Rxh4 Rhf8 26. cxd4 Qxd2+ 27. Rxd2
cxd4 28. Rhxd4 Bd5 29. R2d3 c5 30. Ra4 Ra7 31. c4 Be4 32. Re3 Bf5 33. Ra5 Rc8
34. Re2 Rc6 35. Rd2 Rb7 36. Ng8+ Ke8 37. Ra1 Rc8 38. Rad1 Rxb3 39. Nf6+ Ke7 40.
Rd7+ Kf8 41. Rd8+ 1-0

[Event "V Festival Terre degli Elimi A"]
[Site "Erice ITA"]
[Date "2014.07.20"]
[Round "2"]
[White "Burg, Brent"]
[Black "Mangelschots, Peter"]
[WhiteElo "2220"]
[BlackElo "2053"]
[Result "0-1"]
[PlyCount "74"]
[EventDate "2014.07.19"]

1. Nf3 d5 2. b4 Bg4 3. Bb2 Nd7 4. e3 Ngf6 5. Be2 e6 6. a3 Bd6 7. d3 c6 8. Nbd2
O-O 9. e4 e5 10. c4 a5 11. c5 Bc7 12. Qc2 Qe7 13. O-O Nh5 14. Rfe1 Nf4 15. Bf1
d4 16. h3 Be6 17. Nc4 Qf6 18. Nfd2 Rfe8 19. Nb3 Qh4 20. Kh2 Bxh3 21. gxh3 Re6
22. Bc1 a4 23. Nba5 Rg6 24. Ne3 dxe3 25. Rxe3 Bxa5 26. bxa5 Rxa5 27. Rg3 Qe7
28. d4 Ne6 29. Qd2 Ra8 30. Rb1 Rxg3 31. Kxg3 Nf6 32. Bg2 Nxd4 33. Qb4 Ne2+ 34.
Kh2 Ng4+ 35. Kh1 Nxf2+ 36. Kh2 Qh4 37. Qxb7 Qg3# 0-1

[Event "V Festival Terre degli Elimi A"]
[Site "Erice ITA"]
[Date "2014.07.20"]
[Round "2"]
[White "Burg, Twan"]
[Black "Smith, Thijmen"]
[WhiteElo "2508"]
[BlackElo "2225"]
[Result "1-0"]
[PlyCount "79"]
[EventDate "2014.07.19"]

1. e4 c5 2. Nf3 d6 3. d4 cxd4 4. Nxd4 Nf6 5. Nc3 a6 6. h3 e6 7. g4 d5 8. exd5
Nxd5 9. Bg2 Nxc3 10. bxc3 Qc7 11. O-O Bd6 12. Qe2 O-O 13. Rd1 Bd7 14. Rb1 Bc6
15. Nxc6 Nxc6 16. Be3 Rab8 17. Bxc6 bxc6 18. Qxa6 Ra8 19. Qc4 Be5 20. Bb6 Qc8
21. a4 h5 22. a5 hxg4 23. hxg4 c5 24. Rb5 Qc6 25. Rxc5 Qf3 26. Rd3 Bh2+ 27. Kf1
Qh1+ 28. Ke2 Qc1 29. Rd2 e5 30. Qe4 Bf4 31. Rd1 Qb2 32. Kf1 Rac8 33. Qa4 Rxc5
34. Bxc5 Rc8 35. Bb4 e4 36. Qb3 Qxb3 37. cxb3 e3 38. Rd4 g5 39. fxe3 Bxe3 40.
Rd3 1-0

[Event "V Festival Terre degli Elimi A"]
[Site "Erice ITA"]
[Date "2014.07.20"]
[Round "2"]
[White "Campo, Renato"]
[Black "Lombardo, Corrado"]
[WhiteElo "1992"]
[BlackElo "1830"]
[Result "1-0"]
[PlyCount "39"]
[EventDate "2014.07.19"]

1. g3 d5 2. Bg2 e5 3. c4 d4 4. d3 Bb4+ 5. Nd2 Nc6 6. a3 Be7 7. b4 Qd6 8. Ne4
Qg6 9. h4 f5 10. h5 Qf7 11. Ng5 Bxg5 12. Bxg5 Nge7 13. h6 g6 14. Nf3 e4 15.
dxe4 fxe4 16. Nxd4 Rf8 17. O-O Qxc4 18. Nxc6 Nxc6 19. Rc1 Qb5 20. Rc5 1-0

[Event "V Festival Terre degli Elimi A"]
[Site "Erice ITA"]
[Date "2014.07.20"]
[Round "2"]
[White "Castelli, Giovanni J."]
[Black "Gueci, Tea"]
[WhiteElo "1909"]
[BlackElo "2089"]
[Result "0-1"]
[PlyCount "100"]
[EventDate "2014.07.19"]

1. e4 c5 2. Nf3 d6 3. d4 cxd4 4. Nxd4 Nf6 5. Nc3 a6 6. g3 g6 7. Bg2 Bg7 8. O-O
O-O 9. h3 Nc6 10. Be3 Bd7 11. Nxc6 Bxc6 12. Qd2 Rc8 13. Bh6 b5 14. Bxg7 Kxg7
15. Rfe1 Qc7 16. a3 Rfd8 17. Qe2 e5 18. Rad1 Nd7 19. Rd2 Nb6 20. b3 Bb7 21. Rd3
Qc5 22. Qe3 Nd7 23. Red1 Nf8 24. Qxc5 Rxc5 25. R1d2 Ne6 26. Ne2 Ng5 27. f3 Kf8
28. h4 Ne6 29. Kf2 Ke7 30. c3 f5 31. exf5 gxf5 32. Bh3 Ng7 33. Re3 Kf6 34. Red3
d5 35. g4 f4 36. g5+ Kg6 37. Rd1 Nf5 38. h5+ Kxg5 39. Rg1+ Kf6 40. Bxf5 Kxf5
41. Rg7 Ba8 42. Rxh7 Rc6 43. Ng1 Rdd6 44. Ra7 Rc8 45. Rf7+ Rf6 46. Rh7 e4 47.
fxe4+ dxe4 48. Rh3 e3+ 49. Ke1 Bg2 50. Rh2 f3 0-1

[Event "V Festival Terre degli Elimi A"]
[Site "Erice ITA"]
[Date "2014.07.20"]
[Round "2"]
[White "Claesen, Pieter"]
[Black "Bijlsma, Nick"]
[WhiteElo "2340"]
[BlackElo "2210"]
[Result "1-0"]
[PlyCount "57"]
[EventDate "2014.07.19"]

1. c4 g6 2. Nc3 Bg7 3. g3 c5 4. Bg2 Nc6 5. Nf3 d6 6. a3 a5 7. d3 Nf6 8. O-O O-O
9. Bd2 Nd7 10. Rb1 Nde5 11. Nxe5 Bxe5 12. Bh6 Re8 13. Qd2 Bh8 14. Bg5 Rb8 15.
Nd5 Bd7 16. b4 f6 17. Bf4 g5 18. Be3 e6 19. b5 Nd4 20. Nc3 Nf5 21. Kh1 b6 22.
Rbc1 Bc8 23. f4 Bb7 24. fxg5 Nxe3 25. Qxe3 fxg5 26. Ne4 h6 27. Qf3 Qe7 28. Qh5
d5 29. Qg6+ 1-0

[Event "V Festival Terre degli Elimi A"]
[Site "Erice ITA"]
[Date "2014.07.20"]
[Round "2"]
[White "Corsino, Gianluca"]
[Black "De Wit, Tex"]
[WhiteElo "2110"]
[BlackElo "2330"]
[Result "0-1"]
[PlyCount "136"]
[EventDate "2014.07.19"]

1. d4 d6 2. e4 g6 3. Nc3 Bg7 4. f4 Nf6 5. Nf3 O-O 6. e5 dxe5 7. fxe5 Nd5 8. Bc4
Nb6 9. Bb3 Nc6 10. Ne4 Na5 11. c3 Nxb3 12. axb3 f6 13. exf6 exf6 14. O-O Re8
15. Re1 Nd5 16. Bd2 Bf5 17. Ng3 Bg4 18. Rxe8+ Qxe8 19. h3 Bd7 20. Qf1 Qf7 21.
c4 Ne7 22. Bf4 c6 23. Ne4 g5 24. Nd6 Qg6 25. Bh2 b6 26. Re1 Nf5 27. Qd3 Bf8 28.
Nxf5 Qxf5 29. Qxf5 Bxf5 30. Ra1 Bc2 31. Bc7 b5 32. Ra6 Bxb3 33. Rxc6 Bxc4 34.
Rxf6 h6 35. Ne5 Rc8 36. Nxc4 Rxc7 37. Ne3 Rc1+ 38. Kh2 Rb1 39. Ra6 Rxb2 40. Nf5
b4 41. Rxa7 b3 42. Rb7 Rf2 43. Nxh6+ Bxh6 44. Rxb3 Rd2 45. Rb4 Bf8 46. Rb5 Bd6+
47. Kg1 Bf4 48. d5 Bg3 49. Kf1 Rf2+ 50. Kg1 Re2 51. Rb1 Kf7 52. Rf1+ Ke7 53.
Rf3 Re1+ 54. Rf1 Re3 55. Rf3 Rxf3 56. gxf3 Bh4 57. Kg2 Kd6 58. f4 gxf4 59. Kf3
Ke5 60. d6 Kf5 61. d7 Bd8 62. Kf2 Ke4 63. Kg2 Bh4 64. Kf1 Kf3 65. Kg1 Ke2 66.
Kg2 f3+ 67. Kh1 f2 68. Kh2 f1=Q 0-1

[Event "V Festival Terre degli Elimi A"]
[Site "Erice ITA"]
[Date "2014.07.20"]
[Round "2"]
[White "Dijkhuis, Tycho"]
[Black "Senders, Mischa"]
[WhiteElo "2321"]
[BlackElo "2183"]
[Result "1-0"]
[PlyCount "81"]
[EventDate "2014.07.19"]

1. e4 c5 2. Nf3 d6 3. d4 cxd4 4. Nxd4 Nf6 5. Nc3 a6 6. h3 e6 7. g4 b5 8. Bg2
Bb7 9. a3 Qc7 10. O-O Nc6 11. Re1 Rc8 12. Nxc6 Qxc6 13. f4 Be7 14. Be3 O-O 15.
Bd4 Rfd8 16. g5 Nd7 17. Qg4 e5 18. Nd5 Bf8 19. Bc3 Nb6 20. Kh1 Nxd5 21. exd5
Qc4 22. fxe5 Bxd5 23. Qxc4 Bxg2+ 24. Kxg2 Rxc4 25. exd6 Bxd6 26. Rad1 Rc6 27.
Bb4 Kf8 28. Kf3 Rd7 29. Re5 g6 30. b3 Kg8 31. Red5 Bxb4 32. Rxd7 Bxa3 33. Ra7
h6 34. Rd8+ Kg7 35. Rdd7 Rc3+ 36. Ke4 hxg5 37. Rxf7+ Kg8 38. Rg7+ Kf8 39. Rgc7
Rxc7 40. Rxc7 Bb2 41. Ra7 1-0

[Event "V Festival Terre degli Elimi A"]
[Site "Erice ITA"]
[Date "2014.07.20"]
[Round "2"]
[White "Fabiano, Giuseppe"]
[Black "Melograni, Francesco"]
[WhiteElo "2053"]
[BlackElo "1860"]
[Result "1-0"]
[PlyCount "53"]
[EventDate "2014.07.19"]

1. Nf3 g6 2. c4 Bg7 3. Nc3 c5 4. d4 cxd4 5. Nxd4 Nc6 6. Nb3 Nf6 7. e4 d6 8. f3
Be6 9. Be3 Rc8 10. Rc1 b6 11. Be2 Nd7 12. O-O O-O 13. Qd2 Nce5 14. Nd5 f5 15.
Nd4 Bxd5 16. cxd5 Rxc1 17. Rxc1 Qb8 18. f4 Ng4 19. Nc6 Qb7 20. Bxg4 fxg4 21.
Nxe7+ Kh8 22. Nc6 Re8 23. Bd4 Rxe4 24. Bxg7+ Kxg7 25. Nd8 Qb8 26. Ne6+ Kf7 27.
Ng5+ 1-0

[Event "V Festival Terre degli Elimi A"]
[Site "Erice ITA"]
[Date "2014.07.20"]
[Round "2"]
[White "Favaloro, Andrea"]
[Black "Ovaskainen, Juha"]
[WhiteElo "2008"]
[BlackElo "1839"]
[Result "1-0"]
[PlyCount "49"]
[EventDate "2014.07.19"]

1. e4 d5 2. exd5 Qxd5 3. Nc3 Qd6 4. d4 Nf6 5. Nf3 c6 6. Ne5 Nbd7 7. Bf4 Qb4 8.
a3 Qb6 9. Nc4 Qd8 10. Qe2 e6 11. O-O-O Nb6 12. Nxb6 axb6 13. d5 Nxd5 14. Rxd5
cxd5 15. Nb5 Bd7 16. Nc7+ Ke7 17. Nxd5+ Ke8 18. Nc7+ Ke7 19. Nxa8 Qxa8 20. Qe5
Qa5 21. Qd6+ Ke8 22. Qb8+ Ke7 23. Bd6+ Kf6 24. Qd8+ Kg6 25. Bd3+ 1-0

[Event "V Festival Terre degli Elimi A"]
[Site "Erice ITA"]
[Date "2014.07.20"]
[Round "2"]
[White "Guccione, Cristoforo"]
[Black "Ravagnani, Tiziano"]
[WhiteElo "1835"]
[BlackElo "2006"]
[Result "1-0"]
[PlyCount "39"]
[EventDate "2014.07.19"]

1. d4 Nf6 2. Nc3 c5 3. d5 e6 4. e4 exd5 5. e5 Qe7 6. Qe2 Ne4 7. Nxd5 Qxe5 8. c4
Nc6 9. Nf3 Qf5 10. Ng5 Nd4 11. Qxe4+ Qxe4+ 12. Nxe4 Nc2+ 13. Kd1 Nxa1 14. Nc7+
Kd8 15. Nxa8 b5 16. Bf4 Bb7 17. Ng5 f6 18. Nf7+ Ke8 19. Nxh8 Bxa8 20. Bd3 1-0

[Event "V Festival Terre degli Elimi A"]
[Site "Erice ITA"]
[Date "2014.07.20"]
[Round "2"]
[White "Gueci, Laura"]
[Black "Larsen, Karsten"]
[WhiteElo "1968"]
[BlackElo "2265"]
[Result "0-1"]
[PlyCount "72"]
[EventDate "2014.07.19"]

1. c4 e5 2. g3 Nf6 3. Bg2 c6 4. Nf3 d6 5. d3 Nbd7 6. O-O Be7 7. b3 O-O 8. Bb2
Re8 9. Nbd2 Bf8 10. Qc2 a5 11. a3 d5 12. e3 Bd6 13. Bc3 Qe7 14. Rfb1 b5 15.
cxb5 cxb5 16. b4 a4 17. Nh4 g6 18. Re1 Bb7 19. Rac1 Rac8 20. Qb2 Rc7 21. Nb1
Rec8 22. Bd2 e4 23. Nc3 Ne5 24. Nxb5 Nxd3 25. Rxc7 Bxc7 26. Qb1 Nxe1 27. Qxe1
Be5 28. Nc3 Bc6 29. Bf1 Bd7 30. Ng2 g5 31. Be2 Qe6 32. f4 exf3 33. Bxf3 d4 34.
Ne2 d3 35. Nc1 Qc4 36. e4 Bc3 0-1

[Event "V Festival Terre degli Elimi A"]
[Site "Erice ITA"]
[Date "2014.07.20"]
[Round "2"]
[White "Iannello, Andrea"]
[Black "Petkov, Vladimir"]
[WhiteElo "1924"]
[BlackElo "2538"]
[Result "0-1"]
[PlyCount "108"]
[EventDate "2014.07.19"]

1. Nf3 d5 2. d4 Nf6 3. g3 Bf5 4. Bg2 e6 5. c3 c6 6. Qb3 Qb6 7. O-O h6 8. Re1
Be7 9. Nbd2 Nbd7 10. Nf1 O-O 11. Bf4 Qb5 12. Ne5 Nb6 13. Ne3 Bh7 14. N3g4 Nxg4
15. Nxg4 Nc4 16. Bc1 a5 17. Qxb5 cxb5 18. Ne3 Nd6 19. Bd2 Rfc8 20. a4 bxa4 21.
Rxa4 b5 22. Ra2 a4 23. Rea1 Rab8 24. f3 g5 25. Be1 Kg7 26. Bh3 h5 27. Rc1 Bg6
28. Kf2 Nb7 29. Nf1 Na5 30. Nd2 Ra8 31. Rca1 Rab8 32. Rc1 Rc6 33. Bf1 Bf6 34.
e3 Rc7 35. Be2 e5 36. Raa1 Nc4 37. Nxc4 bxc4 38. Rxa4 Rxb2 39. Rd1 exd4 40.
exd4 Re7 41. Rd2 Rb3 42. Rd1 Bc2 43. Rda1 Bb1 44. Rxb1 Rxb1 45. Ra2 Reb7 46.
Bd2 R7b2 47. Rxb2 Rxb2 48. Ke3 Bd8 49. Bd1 f5 50. Ba4 Bc7 51. h4 f4+ 52. Ke2
fxg3 53. Ke1 Bf4 54. Bc2 g2 0-1

[Event "V Festival Terre degli Elimi A"]
[Site "Erice ITA"]
[Date "2014.07.20"]
[Round "2"]
[White "Iordachescu, Viorel"]
[Black "Ferro, Mario"]
[WhiteElo "2593"]
[BlackElo "2242"]
[Result "1-0"]
[PlyCount "57"]
[EventDate "2014.07.19"]

1. e4 c5 2. Nf3 d6 3. Bb5+ Bd7 4. Bxd7+ Qxd7 5. c4 Nf6 6. Nc3 g6 7. d4 cxd4 8.
Nxd4 Bg7 9. f3 O-O 10. Be3 Rc8 11. b3 a6 12. O-O b5 13. Nd5 Nxd5 14. cxd5 Ra7
15. Qd2 Rac7 16. Rac1 Kf8 17. h4 h5 18. Rfd1 Ke8 19. Rxc7 Qxc7 20. Qf2 Be5 21.
f4 Bxd4 22. Bxd4 Qc2 23. Qf3 Nd7 24. f5 gxf5 25. exf5 Qxa2 26. f6 Qa3 27. Kh2
Ne5 28. Bxe5 dxe5 29. d6 1-0

[Event "V Festival Terre degli Elimi A"]
[Site "Erice ITA"]
[Date "2014.07.20"]
[Round "2"]
[White "Iwanow, Anna"]
[Black "Sieciechowicz, Marcin"]
[WhiteElo "2210"]
[BlackElo "2438"]
[Result "0-1"]
[PlyCount "46"]
[EventDate "2014.07.19"]

1. e4 e6 2. d4 d5 3. e5 c5 4. c3 Qb6 5. Nf3 Nc6 6. a3 c4 7. Nbd2 Na5 8. g3 Bd7
9. h4 O-O-O 10. Bh3 f5 11. exf6 gxf6 12. O-O Nh6 13. Rb1 Nf5 14. b4 Nc6 15. Re1
Rg8 16. Bxf5 exf5 17. Nf1 Bd6 18. Ne3 Ne7 19. Ng2 Qc7 20. Qd2 Rg4 21. Rxe7 Bxe7
22. Nf4 Bd6 23. Nxd5 Qc6 0-1

[Event "V Festival Terre degli Elimi A"]
[Site "Erice ITA"]
[Date "2014.07.20"]
[Round "2"]
[White "Levitt, Jonathan Paul"]
[Black "Santagati, Alessandro"]
[WhiteElo "2420"]
[BlackElo "2216"]
[Result "1/2-1/2"]
[PlyCount "74"]
[EventDate "2014.07.19"]

1. d4 Nf6 2. c4 c5 3. d5 e6 4. Nc3 exd5 5. cxd5 d6 6. e4 g6 7. f4 Bg7 8. Bb5+
Nfd7 9. a4 O-O 10. Nf3 Na6 11. O-O Nb4 12. Ra3 a6 13. Bxd7 Bxd7 14. f5 gxf5 15.
Bg5 Qc7 16. Nh4 c4 17. Nxf5 Bxf5 18. Rxf5 Qb6+ 19. Kf1 Nd3 20. Qg4 Kh8 21. Nd1
Rae8 22. Qh4 Qd4 23. Be7 Rxe7 24. Qxe7 Nxb2 25. Nxb2 Qxb2 26. Raf3 Rg8 27. g3
c3 28. Rxc3 Qxc3 29. Rxf7 Qd2 30. Qxd6 Qd3+ 31. Kg2 Qxe4+ 32. Kh3 Be5 33. Qe7
Qg4+ 34. Kg2 Qe2+ 35. Kh3 Qh5+ 36. Kg2 Qe2+ 37. Kh3 Qh5+ 1/2-1/2

[Event "V Festival Terre degli Elimi A"]
[Site "Erice ITA"]
[Date "2014.07.20"]
[Round "2"]
[White "Manakova, Maria"]
[Black "Aranaz Portugues, Jose' Carlos"]
[WhiteElo "2273"]
[BlackElo "2096"]
[Result "1-0"]
[PlyCount "45"]
[EventDate "2014.07.19"]

1. e4 e6 2. d4 d5 3. Nc3 Nf6 4. e5 Nfd7 5. f4 c5 6. Nf3 Nc6 7. Be3 a6 8. Qd2
Be7 9. dxc5 Nxc5 10. Nd4 Bd7 11. a3 Rc8 12. Be2 Nxd4 13. Bxd4 Na4 14. Nxa4 Bxa4
15. c3 Qd7 16. O-O O-O 17. Bg4 g6 18. Rf3 Bc5 19. f5 Bxd4+ 20. cxd4 Rc2 21. Qh6
exf5 22. Bxf5 Qe7 23. b3 1-0